[Event "Arandjelovac ASK-2 FM"]
[Site "Arandjelovac"]
[Date "2021.11.20"]
[Round "4"]
[White "Vetokhina, Sofia"]
[Black "Todorovic, Kosta"]
[Result "1-0"]
[WhiteElo "1887"]
[BlackElo "1913"]
[PlyCount "177"]
[EventDate "2021.11.17"]
[EventType "tourn"]
[EventRounds "5"]
[EventCountry "SRB"]
[SourceTitle "EXT 2023"]
[Source "ChessBase"]
[SourceDate "2022.10.05"]
[SourceVersion "1"]
[SourceVersionDate "2022.10.05"]
[SourceQuality "1"]

1. d4 Nf6 2. c4 c5 3. d5 e6 4. Nc3 exd5 5. Nxd5 Nxd5 6. Qxd5 Be7 7. Bf4 Nc6 8. Qd2 0-0 9. Nf3 Re8 10. e3 Bf6 11. Be2 a5 12. 0-0 a4 13. Rab1 Ra6 14. Ne1 Ne5 15. Bxe5 Bxe5 16. Nd3 Bb8 17. g3 Qg5 18. Bf3 Rh6 19. Nf4 Qf5 20. Qd5 Re5 21. Qd3 g5 22. Qxf5 Rxf5 23. Bg4 Re5 24. Nd5 Kf8 25. Rfe1 f5 26. Bd1 b5 27. Bc2 bxc4 28. Nc3 d5 29. Red1 Bb7 30. f4 Rxe3 31. fxg5 Rh5 32. Bxf5 Rxg5 33. Rf1 Kg7 34. Nd1 Re5 35. g4 d4 36. h4 Rexf5 37. hxg5 Rxg5 38. Nf2 Bf4 39. Rbe1 Be3 40. Kh2 Bf4+ 41. Kh3 Be3 42. Nd1 h5 43. Nxe3 dxe3 44. Rxe3 hxg4+ 45. Kg3 Bf3 46. Rc1 Bd5 47. Ra3 Re5 48. Rc2 Re4 49. Rxa4 Kf6 50. Rd2 Ke5 51. Ra5 c3 52. bxc3 Re3+ 53. Kxg4 Rxc3 54. Re2+ Kd4 55. Re7 Rc2 56. a3 Rg2+ 57. Kf4 Rf2+ 58. Kg3 Rg2+ 59. Kh3 Ra2 60. Rc7 Rc2 61. a4 Be4 62. Kg3 Rg2+ 63. Kf4 Rf2+ 64. Kg5 Rf5+ 65. Kg4 Rd5 66. Rb5 Kc4 67. Rb8 Rd6 68. Kf4 Kd4 69. a5 c4 70. Rb6 Rd5 71. a6 Rf5+ 72. Kg4 c3 73. Rb4+ Kd3 74. Rbc4 Ra5 75. Rxc3+ Kd4 76. Kf4 Rf5+ 77. Kg4 Ra5 78. R7c4+ Kd5 79. Kf4 Bg2 80. Rc6 Kd4 81. R6c4+ Kd5 82. Rc7 Rxa6 83. Rd3+ Ke6 84. Rg7 Ra4+ 85. Ke3 Bh3 86. Rc3 Ra5 87. Rg6+ Ke5 88. Rb6 Be6 89. Kf2 1-0

[Event "Arandjelovac ASK-1 FM"]
[Site "Arandjelovac"]
[Date "2021.11.11"]
[Round "4"]
[White "Grozdanovic, Anastasia"]
[Black "Todorovic, Kosta"]
[Result "1/2-1/2"]
[WhiteElo "1983"]
[BlackElo "1913"]
[PlyCount "35"]
[EventDate "2021.11.08"]
[EventType "tourn"]
[EventRounds "5"]
[EventCountry "SRB"]
[SourceTitle "CBM 205 Extra"]
[Source "ChessBase"]
[SourceDate "2022.01.31"]
[SourceVersion "1"]
[SourceVersionDate "2022.01.31"]
[SourceQuality "1"]

1. d4 Nf6 2. c4 c5 3. d5 e6 4. Nc3 exd5 5. cxd5 d6 6. e4 g6 7. Bd3 Bg7 8. h3 0-0 9. Nf3 Na6 10. 0-0 Nc7 11. a4 a6 12. Bf4 Rb8 13. Bh2 b5 14. axb5 axb5 15. e5 Nfe8 16. exd6 Nxd6 17. Ra7 Rb7 18. Rxb7 1/2-1/2

[Event "Vrnjacka Banja Gligoric Cup 6th"]
[Site "Vrnjacka Banja"]
[Date "2019.05.25"]
[Round "3.4"]
[White "Todorovic, Kosta"]
[Black "Mitrovic, Mikica"]
[Result "0-1"]
[WhiteElo "1973"]
[BlackElo "1988"]
[PlyCount "80"]
[EventDate "2019.05.23"]
[EventType "team-swiss"]
[EventRounds "5"]
[EventCountry "SRB"]
[SourceTitle "CBM 190 Extra"]
[Source "ChessBase"]
[SourceDate "2019.07.15"]
[SourceVersion "1"]
[SourceVersionDate "2019.07.15"]
[SourceQuality "1"]
[WhiteTeam "Arandelovac"]
[BlackTeam "Medveda Jablanica"]
[WhiteTeamCountry "SRB"]
[BlackTeamCountry "SRB"]

1. e4 d6 2. d4 Nf6 3. Nc3 g6 4. Nf3 Bg7 5. Be2 0-0 6. h3 Nc6 7. Be3 Nd7 8. Qd2 e5 9. Bg5 f6 10. Bh4 Kh8 11. Rd1 h6 12. 0-0 g5 13. Bg3 Nxd4 14. Nxd4 exd4 15. Nb5 Nc5 16. Bf3 Ne6 17. Bg4 a6 18. Na3 Nc5 19. f3 f5 20. exf5 Bxf5 21. Bxf5 Rxf5 22. Bf2 Ne6 23. Qb4 b5 24. Rfe1 Qd7 25. Re4 c5 26. Qe1 Re8 27. Qa5 Qc6 28. Rde1 Re5 29. Bg3 Nf4 30. Rxe5 Bxe5 31. Nb1 Nxh3+ 32. Kh2 Nf4 33. Nd2 d5 34. Nb3 Qd6 35. Kh1 Kg7 36. Bxf4 gxf4 37. Nc1 c4 38. a4 b4 39. b3 Qe7 40. Re2 d3 0-1

[Event "SRB-ch sf"]
[Site "Kragujevac"]
[Date "2019.03.14"]
[Round "9"]
[White "Todorovic, Kosta"]
[Black "Sarenac, Ivan"]
[Result "0-1"]
[WhiteElo "1962"]
[BlackElo "2397"]
[PlyCount "62"]
[EventDate "2019.03.08"]
[EventType "swiss"]
[EventRounds "9"]
[EventCountry "SRB"]
[SourceTitle "CBM 189 Extra"]
[Source "ChessBase"]
[SourceDate "2019.05.31"]
[SourceVersion "1"]
[SourceVersionDate "2019.05.31"]
[SourceQuality "1"]

1. e4 e5 2. Nf3 d6 3. d4 exd4 4. Nxd4 Nf6 5. Nc3 Be7 6. Be2 0-0 7. Be3 Re8 8. f3 d5 9. Nb3 Bb4 10. Bd4 dxe4 11. 0-0 Nc6 12. Bxf6 Qxf6 13. Nd5 Qe5 14. Nxb4 Nxb4 15. c3 Nd5 16. Re1 Qg5 17. h4 Qe3+ 18. Kh1 Nf4 19. Bf1 Qf2 20. Rxe4 Qxh4+ 21. Kg1 Rxe4 22. fxe4 Bg4 23. Qe1 Qg5 24. Qg3 h5 25. Nd4 Qe5 26. Qe3 Nd5 27. Qd3 Nf6 28. Re1 Re8 29. Nf3 Bxf3 30. Qxf3 Nxe4 31. Bc4 Qc5+ 0-1

[Event "SRB-ch sf"]
[Site "Kragujevac"]
[Date "2019.03.12"]
[Round "7"]
[White "Todorovic, Kosta"]
[Black "Kandjolas, Konstantin"]
[Result "1/2-1/2"]
[WhiteElo "1962"]
[BlackElo "1841"]
[PlyCount "56"]
[EventDate "2019.03.08"]
[EventType "swiss"]
[EventRounds "9"]
[EventCountry "SRB"]
[SourceTitle "CBM 189 Extra"]
[Source "ChessBase"]
[SourceDate "2019.05.31"]
[SourceVersion "1"]
[SourceVersionDate "2019.05.31"]
[SourceQuality "1"]

1. e4 c5 2. Nc3 e6 3. Nf3 a6 4. d4 cxd4 5. Nxd4 Qc7 6. Be2 Nf6 7. Be3 Bb4 8. 0-0 Bxc3 9. bxc3 Nxe4 10. Bd3 Nf6 11. Re1 0-0 12. Bg5 Nd5 13. Rb1 h6 14. Bd2 Nc6 15. Nxc6 dxc6 16. Qg4 e5 17. Qe4 Nf6 18. Qxe5 Qxe5 19. Rxe5 Re8 20. Rxe8+ Nxe8 21. Bf4 Nf6 22. c4 b5 23. a3 Be6 24. cxb5 axb5 25. Bd6 Rd8 26. Be7 Ra8 27. f3 Nd5 28. Bc5 Nf4 1/2-1/2

[Event "SRB-ch sf"]
[Site "Kragujevac"]
[Date "2019.03.10"]
[Round "5"]
[White "Todorovic, Kosta"]
[Black "Vujacic, Borivoje"]
[Result "0-1"]
[WhiteElo "1962"]
[BlackElo "2242"]
[PlyCount "70"]
[EventDate "2019.03.08"]
[EventType "swiss"]
[EventRounds "9"]
[EventCountry "SRB"]
[SourceTitle "CBM 189 Extra"]
[Source "ChessBase"]
[SourceDate "2019.05.31"]
[SourceVersion "1"]
[SourceVersionDate "2019.05.31"]
[SourceQuality "1"]

1. e4 c5 2. Nc3 Nc6 3. g3 g6 4. Bg2 Bg7 5. d3 d6 6. Nge2 Nf6 7. h3 0-0 8. 0-0 Rb8 9. f4 Ne8 10. g4 b5 11. Nd5 e6 12. Ne3 Nd4 13. Ng3 b4 14. a4 Bd7 15. Bd2 Nc7 16. b3 Bc6 17. g5 f5 18. gxf6 Qxf6 19. Ng4 Qe7 20. f5 exf5 21. exf5 Bxg2 22. f6 Bxf6 23. Kxg2 Bg7 24. Bh6 Rxf1 25. Nxf1 Bxh6 26. Nxh6+ Kg7 27. Ng4 Re8 28. Ng3 h5 29. Nf2 Nd5 30. Kh1 Qh4 31. Qg1 Nf4 32. Nfe4 Qxh3+ 33. Qh2 Qxh2+ 34. Kxh2 h4 35. Nf1 d5 0-1

[Event "SRB-ch sf"]
[Site "Kragujevac"]
[Date "2019.03.09"]
[Round "2"]
[White "Todorovic, Kosta"]
[Black "Omorjan, Dejan"]
[Result "1-0"]
[WhiteElo "1962"]
[BlackElo "2246"]
[PlyCount "131"]
[EventDate "2019.03.08"]
[EventType "swiss"]
[EventRounds "9"]
[EventCountry "SRB"]
[SourceTitle "CBM 189 Extra"]
[Source "ChessBase"]
[SourceDate "2019.05.31"]
[SourceVersion "1"]
[SourceVersionDate "2019.05.31"]
[SourceQuality "1"]

1. e4 c5 2. Nc3 Nc6 3. g3 g6 4. Bg2 Bg7 5. d3 d6 6. Nge2 Rb8 7. a4 a6 8. f4 Bg4 9. h3 Bxe2 10. Nxe2 e6 11. 0-0 Nge7 12. g4 f5 13. c3 0-0 14. Ng3 Qd7 15. Be3 b6 16. Ra2 d5 17. e5 d4 18. Bf2 dxc3 19. gxf5 c2 20. Qd2 gxf5 21. Ra3 Ng6 22. Nh5 Nd4 23. Kh1 Bh6 24. Be3 Kh8 25. Nf6 Qd8 26. Rc3 a5 27. Rc4 c1Q 28. Rcxc1 Nb3 29. Qd1 Nxc1 30. Qh5 Nxd3 31. Qxh6 Rxf6 32. exf6 Qxf6 33. Rd1 Rd8 34. Kh2 Nxb2 35. Rb1 Nc4 36. Bxc5 Qh4 37. Qxh4 Nxh4 38. Be7 Nxg2 39. Bxd8 Nxf4 40. Rc1 Ne3 41. Bxb6 Ned5 42. Bd4+ Kg8 43. Rc5 Ne2 44. Be5 Ne3 45. Bc7 f4 46. Re5 Kf7 47. Re4 Nf1+ 48. Kg2 Nd2 49. Re5 f3+ 50. Kf2 Nc3 51. Ke1 Nce4 52. Bb6 Kf6 53. Rxa5 Nb3 54. Rb5 Nc1 55. Be3 Nd3+ 56. Kf1 Ng3+ 57. Kg1 Ne2+ 58. Kh2 e5 59. a5 Kf5 60. a6 Ke4 61. Bb6 Nd4 62. Bxd4 Kxd4 63. a7 f2 64. Kg2 Ke3 65. a8Q Nf4+ 66. Kf1 1-0

[Event "SRB-chT3 North CS"]
[Site "Sabac"]
[Date "2014.10.05"]
[Round "6.4"]
[White "Todorovic, Kosta"]
[Black "Kotarac, Zoran"]
[Result "0-1"]
[WhiteElo "1935"]
[BlackElo "2190"]
[PlyCount "68"]
[EventDate "2014.10.02"]
[EventType "team-swiss"]
[EventRounds "6"]
[EventCountry "SRB"]
[SourceTitle "EXT 2021"]
[Source "ChessBase"]
[SourceDate "2020.10.23"]
[SourceVersion "1"]
[SourceVersionDate "2020.10.23"]
[SourceQuality "1"]

1. e4 c5 2. Nc3 d6 3. g3 g6 4. Bg2 Bg7 5. d3 Nf6 6. Nge2 0-0 7. 0-0 Nc6 8. h3 Rb8 9. f4 Bd7 10. Be3 b5 11. a3 Ne8 12. b4 Nd4 13. Bxd4 cxd4 14. Na2 Rc8 15. Qd2 Qc7 16. Rfc1 Qb6 17. f5 gxf5 18. Nf4 fxe4 19. Nd5 Qd8 20. Bxe4 e6 21. Nf4 Qg5 22. Qg2 d5 23. Bf3 Be5 24. h4 Qh6 25. Nh3 Nd6 26. Re1 f6 27. Nf2 Rxc2 28. Nc1 Kh8 29. Ne2 f5 30. Rac1 Rxc1 31. Rxc1 Rg8 32. Rc7 Be8 33. Kf1 Ne4 34. Re7 Nd2+ 0-1

[Event "SRB-chT3 North CS"]
[Site "Sabac"]
[Date "2014.10.02"]
[Round "1.2"]
[White "Ljubinkovic, Miodrag"]
[Black "Todorovic, Kosta"]
[Result "1-0"]
[WhiteElo "2254"]
[BlackElo "1935"]
[PlyCount "54"]
[EventDate "2014.10.02"]
[EventType "team-swiss"]
[EventRounds "6"]
[EventCountry "SRB"]
[SourceTitle "EXT 2021"]
[Source "ChessBase"]
[SourceDate "2020.10.23"]
[SourceVersion "1"]
[SourceVersionDate "2020.10.23"]
[SourceQuality "1"]

1. d4 Nf6 2. Nf3 g6 3. c3 Bg7 4. Bf4 d6 5. e3 0-0 6. Bc4 b6 7. Nbd2 Bb7 8. h4 Nbd7 9. Rg1 Qe8 10. g4 e5 11. dxe5 dxe5 12. Bh2 e4 13. Ng5 h6 14. Nh3 Ne5 15. Bxe5 Qxe5 16. g5 Nd5 17. h5 b5 18. Bb3 Rad8 19. hxg6 Qh2 20. gxh6 Qxh3 21. hxg7 Kxg7 22. gxf7+ Kh8 23. Qe2 Rxf7 24. 0-0-0 Rh7 25. Nxe4 Qf5 26. Bc2 Qe5 27. Ng5 Rhd7 1-0

[Event "SRB Central-ch op"]
[Site "Vrnjacka Banja"]
[Date "2014.03.23"]
[Round "9"]
[White "Zajic, Milun"]
[Black "Todorovic, Kosta"]
[Result "1-0"]
[WhiteElo "1954"]
[BlackElo "1929"]
[PlyCount "115"]
[EventDate "2014.03.17"]
[EventType "swiss"]
[EventRounds "9"]
[EventCountry "SRB"]
[SourceTitle "CBM 159 Extra"]
[Source "ChessBase"]
[SourceDate "2014.04.24"]
[SourceVersion "1"]
[SourceVersionDate "2014.04.24"]
[SourceQuality "1"]

1. c4 Nf6 2. g3 g6 3. Bg2 Bg7 4. Nc3 d6 5. d3 c6 6. e4 0-0 7. Nge2 e5 8. 0-0 a5 9. h3 Qe7 10. Be3 Na6 11. Qd2 Nc5 12. Rae1 Be6 13. f4 exf4 14. gxf4 Qd7 15. Kh2 Na6 16. Na4 Rae8 17. Qxa5 d5 18. cxd5 cxd5 19. e5 Nh5 20. Nc5 Nxc5 21. Bxc5 Ra8 22. Qd2 Rfc8 23. Rc1 Qa4 24. a3 Ra6 25. Bd4 Rac6 26. Bc3 Bh6 27. Qd1 Qa6 28. Rc2 Ng7 29. Nd4 R6c7 30. Rd2 Nh5 31. Rdf2 Rxc3 32. bxc3 Rxc3 33. Nxe6 fxe6 34. Qg4 Ng7 35. Qh4 Nf5 36. Qd8+ Bf8 37. Rb2 Rxd3 38. Rc1 Qxa3 39. Qb6 Ng7 40. Rc8 Qa4 41. Qb4 Qxb4 42. Rxb4 b5 43. Bf1 Rd2+ 44. Kg3 Kf7 45. Rxb5 Nf5+ 46. Kf3 Be7 47. Rb7 Rh2 48. Rh8 Kg7 49. Re8 Kf7 50. Ra8 Rd2 51. Ra4 Kg7 52. Raa7 Kf7 53. Rc7 Rb2 54. Bd3 Nh4+ 55. Ke3 Ng2+ 56. Kd4 Rb4+ 57. Kc3 d4+ 58. Kd2 1-0

[Event "SRB-chT3 North"]
[Site "Kragujevac"]
[Date "2010.10.10"]
[Round "5"]
[White "Todorovic, Kosta"]
[Black "Dragasevic, Dragan"]
[Result "0-1"]
[WhiteElo "1940"]
[BlackElo "2188"]
[PlyCount "32"]
[EventDate "2010.09.12"]
[EventType "team"]
[EventRounds "11"]
[EventCountry "SRB"]
[SourceTitle "EXT 2012"]
[Source "ChessBase"]
[SourceDate "2011.11.24"]
[SourceVersion "1"]
[SourceVersionDate "2011.11.24"]
[SourceQuality "1"]

1. e4 d6 2. g3 c6 3. Bg2 Nf6 4. d4 g6 5. c3 Bg7 6. Ne2 Nbd7 7. 0-0 0-0 8. h3 e5 9. Be3 Re8 10. Nd2 d5 11. dxe5 Nxe4 12. f4 Nxd2 13. Qxd2 f6 14. exf6 Nxf6 15. Rad1 Qe7 16. Kf2 Bxh3 0-1

[Event "SRB-chT3 North"]
[Site "Kragujevac"]
[Date "2010.10.03"]
[Round "4"]
[White "Todorovic, Kosta"]
[Black "Isak, Igor G"]
[Result "1/2-1/2"]
[WhiteElo "1940"]
[BlackElo "2010"]
[PlyCount "55"]
[EventDate "2010.09.12"]
[EventType "team"]
[EventRounds "11"]
[EventCountry "SRB"]
[SourceTitle "EXT 2012"]
[Source "ChessBase"]
[SourceDate "2011.11.24"]
[SourceVersion "1"]
[SourceVersionDate "2011.11.24"]
[SourceQuality "1"]

1. e4 d5 2. exd5 Nf6 3. Nc3 Nxd5 4. Qf3 Nf6 5. Bb5+ c6 6. Be2 g6 7. d3 Bg7 8. Qg3 0-0 9. h4 h5 10. Nh3 Bf5 11. 0-0 Nbd7 12. Nd1 Nd5 13. c4 Be5 14. Nf4 Nxf4 15. Bxf4 Bxf4 16. Qxf4 e5 17. Qg3 Kh7 18. Ne3 Qf6 19. Rfd1 Nc5 20. Rd2 Ne6 21. Re1 Rad8 22. Bf1 Nf4 23. Nxf5 Qxf5 24. Qe3 f6 25. g3 Ne6 26. Qxa7 Rf7 27. Qe3 Nd4 28. Bg2 1/2-1/2

[Event "SRB-ch U18"]
[Site "Sokobanja"]
[Date "2010.04.09"]
[Round "7"]
[White "Desnica, Vladan"]
[Black "Todorovic, Kosta"]
[Result "1/2-1/2"]
[WhiteElo "2052"]
[BlackElo "1897"]
[PlyCount "71"]
[EventDate "2010.04.05"]
[EventType "swiss"]
[EventRounds "9"]
[EventCountry "YUG"]
[SourceTitle "CBM 135 Extra"]
[Source "ChessBase"]
[SourceDate "2010.05.04"]
[SourceVersion "1"]
[SourceVersionDate "2010.05.04"]
[SourceQuality "1"]

1. Nf3 Nf6 2. g3 d6 3. d4 Nbd7 4. c4 e5 5. Nc3 c6 6. Bg2 Be7 7. e4 0-0 8. 0-0 a5 9. b3 Re8 10. Re1 exd4 11. Nxd4 Bf8 12. Bb2 g6 13. Qc2 Nc5 14. Rad1 d5 15. cxd5 cxd5 16. exd5 Bd7 17. Qb1 Qb6 18. Ba1 Bh6 19. a4 Ng4 20. Qc2 Rxe1+ 21. Rxe1 Qb4 22. Qd1 Bg7 23. Nce2 Nd3 24. Bc3 Ngxf2 25. Qd2 Qf8 26. Rf1 Bh6 27. Nf4 Nxf4 28. gxf4 Nh3+ 29. Kh1 Qc5 30. Bb2 Re8 31. Rc1 Qd6 32. Qc3 Bg7 33. Bxh3 Bxh3 34. Qxh3 Qxf4 35. Qd3 Be5 36. Rc2 1/2-1/2